000 00486nam a2200181Ia 4500
005 20250508162306.0
008 008 250505s9999 xx 000 0 hin d
037 _aBooks to be hide in OPAC
040 _aFEDL
_beng
_cFEDL
041 _ahin
_2hin
084 _aF, JAD/O
_qFEDL
100 _aJadi Kudsiya
_9772763
245 0 _aLa mera chane ka dana
260 _aDelhi, India
_bAtmaram and Sons
300 _a24P.
942 _cHB
_hF, JAD/O
999 _c1375624
_d1375624